000 01013nam a2200289 i 4500
001 000002516
003 DO-SdBNP
005 20260406141343.0
007 ta
008 090702s1989 dr r 000 p spa d
040 _aDO-SdBNP
_bspa
_cBNPHU
_erda
041 _aspa
082 4 _aRD861.44
_bA958de
_221
100 1 _aAvilés Blonda, Máximo,
_d1931-1988
_97914
_eautor
_4aut.
245 1 0 _aDel comienzo, al final de la vida :
_bselección de poemas /
_cMáximo Avilés Blonda ; presentación José Alcántara Almánzar.
264 _aSanto Domingo, República Dominicana :
_bONAP,
_c1989.
300 _a266 páginas ;
_c21 cm.
336 _atexto
_btxt
_2rdacontent
337 _asin mediación
_bn
_2rdamedia
338 _avolumen
_bnc
_2rdacarrier
590 _aInventariado, 2018/LP
650 0 _aPoesía dominicana
_966
650 0 _aLiteratura dominicana.
_967
700 1 _aAlcántara Almánzar, José,
_d1946-
_epresentador
_97018
_4pr.
910 _aValidado. Control de calidad BNPHU
942 _2ddc
_cLBS1
999 _c2352
_d2352